The Camerons : (Record no. 31321)
[ view plain ]
| 000 -LEADER | |
|---|---|
| fixed length control field | 00566nam a2200169 4500 |
| 008 - FIXED-LENGTH DATA ELEMENTS--GENERAL INFORMATION | |
| fixed length control field | 220302b |||||||| |||| 00| 0 eng d |
| 050 ## - LIBRARY OF CONGRESS CALL NUMBER | |
| Classification number | PS 3553 |
| Item number | .C75 1972 |
| 100 ## - MAIN ENTRY--PERSONAL NAME | |
| Personal name | Robert Crichton |
| 245 ## - TITLE STATEMENT | |
| Title | The Camerons : |
| Remainder of title | a novel/ |
| Statement of responsibility, etc. | Crichton Robert |
| 250 ## - EDITION STATEMENT | |
| Edition statement | 1st ed. |
| 260 ## - PUBLICATION, DISTRIBUTION, ETC. (IMPRINT) | |
| Place of publication, distribution, etc. | New York : |
| Name of publisher, distributor, etc. | Knopf, |
| Date of publication, distribution, etc. | 1972. |
| 300 ## - PHYSICAL DESCRIPTION | |
| Extent | 509 pages ; |
| Dimensions | 22 cm |
| 650 ## - SUBJECT ADDED ENTRY--TOPICAL TERM | |
| Topical term or geographic name as entry element | Married people -- Scotland -- Fiction. . |
| 650 ## - SUBJECT ADDED ENTRY--TOPICAL TERM | |
| Topical term or geographic name as entry element | Scotland -- Fiction |
| 650 ## - SUBJECT ADDED ENTRY--TOPICAL TERM | |
| Topical term or geographic name as entry element | Coal mines and mining -- Scotland -- Fiction. |
| 942 ## - ADDED ENTRY ELEMENTS (KOHA) | |
| Source of classification or shelving scheme | |
| Koha item type | Special Collection |
| Classification part | PS 3553 .C75 1972 |
| Withdrawn status | Lost status | Source of classification or shelving scheme | Damaged status | Not for loan | Home library | Current library | Shelving location | Date acquired | Source of acquisition | Cost, normal purchase price | Total Checkouts | Full call number | Barcode | Date last seen | Price effective from | Koha item type |
|---|---|---|---|---|---|---|---|---|---|---|---|---|---|---|---|---|
| MACHAKOS UNIVERSITY LIBRARY | MACHAKOS UNIVERSITY LIBRARY | Special Collection | 02/03/2022 | Donation- Damaris Kimanzi | 1522.00 | PS 3553 .C75 1972 | 23721 | 02/03/2022 | 02/03/2022 | Special Collection |